000 nam a22 7a 4500
999 _c44756
_d44756
003 OSt
005 20190225132911.0
008 190225b xxu||||| |||| 00| 0 eng d
040 _cSERO SOFT
100 _aUPPAL,A.K
245 _aSCIENCE OF SPORTS TRAINING
260 _aNEW DELHI
_bFRIENDS PUBLICATION
300 _a208
942 _2ddc
_c01